| 000 | 00556 a2200193 4500 | ||
|---|---|---|---|
| 010 | _aENG-86047 | ||
| 020 |
_a0070619875 _c295.00 |
||
| 035 | _aEN-69580 | ||
| 037 | _bD.B.Act / Pub | ||
| 082 | 1 | 4 | _a515 |
| 100 | 1 | _aRudin, Walter | |
| 245 | 1 |
_aReal & complex analysis / _cby Walter Rudin |
|
| 250 | _a3rd ed. | ||
| 260 |
_aNew Delhi _bTata Mc-Graw Hill Publishing _c2006 |
||
| 270 |
_a7, West Patel Nagar _bNew Delhi _e110 008 |
||
| 300 |
_axiii, 416 p. _c23 cm. (Pbk.) |
||
| 500 | _aIncludes index | ||
| 942 |
_adpl _cEN _2ddc _h515 _mRUD |
||
| 999 |
_c4041 _d4041 |
||